Akmal dan Tito

Bibliographic Details
Format: Book

MARC

LEADER 00000cam a2200000 7i4500
001 0000007095
002 000007636
005 20070110.0
020 |a 9836223606 
090 0 0 |a JF   |b PRO 
245 1 0 |a Akmal dan Tito 
999 |a 025746   |b BUKU   |c PINJAMAN   |e PERPUSTAKAAN KOMUNITI PETALING JAYA